Manual de tramites de crédito publico interno y externo / (Registro nro. 12787)

Detalles MARC
000 -LEADER
fixed length control field 00963nam a2200217Ia 4500
003 - CONTROL NUMBER IDENTIFIER
control field OSt
005 - DATE AND TIME OF LATEST TRANSACTION
control field 20211124155308.0
008 - FIXED-LENGTH DATA ELEMENTS--GENERAL INFORMATION
fixed length control field 210310s1993 ck gr 000 0 spa d
040 ## - CATALOGING SOURCE
Original cataloging agency CO-JMCR
Transcribing agency CO-JMCR
041 0# - LANGUAGE CODE
Language code of text/sound track or separate title spa
082 04 - DEWEY DECIMAL CLASSIFICATION NUMBER
Classification number 336.34 /
Item number D419m
Edition number 23
110 2# - MAIN ENTRY--CORPORATE NAME
Corporate name or jurisdiction name as entry element Departamento Nacional de Planeación
Relator term autor
9 (RLIN) 1612
245 10 - TITLE STATEMENT
Title Manual de tramites de crédito publico interno y externo /
Remainder of title Departamento Nacional de Planeación
260 ## - PUBLICATION, DISTRIBUTION, ETC.
Place of publication, distribution, etc. [Bogotá] :
Name of publisher, distributor, etc. DNP,
Date of publication, distribution, etc. [1996].
300 ## - PHYSICAL DESCRIPTION
Extent 40 páginas :
Other physical details ilustraciones y gráficas en blanco y negro ;
Dimensions 26 cm.
501 ## - WITH NOTE
With note Con: notas a pie de página.
505 0# - FORMATTED CONTENTS NOTE
Formatted contents note Clases de créditos externos. -- Endeudamiento interno. -- La presentación de los proyectos. -- Autorización para la gestión de un proyecto. -- El concepto DNP. -- Metodología para el análisis financiero.
650 14 - SUBJECT ADDED ENTRY--TOPICAL TERM
Topical term or geographic name entry element Crédito público
General subdivision Manual
9 (RLIN) 41674
650 24 - SUBJECT ADDED ENTRY--TOPICAL TERM
Topical term or geographic name entry element Tramites de crédito público
General subdivision Manual
9 (RLIN) 41675
942 ## - ADDED ENTRY ELEMENTS (KOHA)
Source of classification or shelving scheme Dewey Decimal Classification
Koha item type Books
Existencias
Withdrawn status Lost status Source of classification or shelving scheme Damaged status Not for loan Home library Current library Shelving location Date acquired Source of acquisition Full call number Barcode Date last seen Copy number Price effective from Koha item type
    Dewey Decimal Classification     Biblioteca Pública José María del Castillo y Rada Biblioteca Pública José María del Castillo y Rada General Stacks 04/15/2018 Donación 336.34 / D419m 430003513 05/16/2024 Ej.1 03/10/2021 Books